00301nam a2200121Ia 4500008004100000100002300041245003100064260003200095300000800127650002000135942000700155999001700162190216s9999||||xx |||||||||||||| ||und|| aJhonson Pulimkunnu 0aKattadichu Kodumkattadichu bPoorna Pubs Kozhikodec1988 a175 aNovel Malayalam cBK c28205d28205